[Event "Turnier 40 / 120"]
[Site "Wien"]
[Date "2022.07.12"]
[Round "1"]
[White "Novag Diamond II H8 - 32 MHZ"]
[Black "Mephisto Berlin 68000 - 12 MHZ"]
[Result "1-0"]
[BlackElo "2138"]
[WhiteElo "2135"]

{Analyse --------------> Komodo 13.02.} 1. e4 c5 2. Nf3 d6 3. d4 cxd4 4.
Nxd4 Nf6 5. Nc3 a6 6. Bg5 e6 7. f4 Qb6 8. Qd2 Qxb2 9. Rb1 Qa3 10. Bxf6 gxf6
11. Be2 Nc6 12. Nxc6 bxc6 13. O-O {Buchende / interessanterweise gabe es
diese Eröffnung auch beim vorigen Wettkampf Mephisto Berlin 68000 : Novag
Diamond, der Diamond spielte hier bis zum 16. Zug aus dem Buch während sein
grosser Bruder mit der weit grösseren Bibiothek schon im 13. Zug aus dem
Buch fällt, komisch !} Qa5 14. Kh1 {Buchbewertung Novag Diamond II: -1,00 /
dieser Zug ist noch Theorie und wurde von Novag Diamond noch aus dem Buch
gespielt.} Be7 {Buchende} 15. Qe3 {hier wäre noch f5 Theorie gewesen, das
spielte Novag Diamond auch noch aus dem Buch / lt. Komodo ist die Stellung
ausgeglichen} d5 {Buchbewertung Mephisto Berlin 68000: +0,24} 16. exd5 cxd5
17. f5 Qc7 18. fxe6 fxe6??? {ein spielentscheidender Fehler, danach ist die
Partie sofort verloren, Komodo +3,50 mit der Fortsetzung Lh5+, nötig war
natürlich Lxe6} 19. Rxf6?? {spektakulär, aber bei weitem schwächer als
Lh5+, trotzdem steht Weiss auch nach dieser Fortsetzung ganz klar besser,
Komodo +2,00} Bxf6??? {ein Katastrophenzug und der endgültig
spielentscheidende Fehler, um ganze 9 Bauerneinheiten !!! schlechter als
Dc5, Komodo -11,00} 20. Nxd5 Qe5 21. Bh5+ Kd8 22. Qb6+ Kd7 {Komodo -22,00}
23. Nxf6+ Ke7 24. Rf1 Bd7 25. Nxd7 Qxh5 26. Nc5 Qe5 27. Qb7+ Kd6 28. Ne4+
{Komodo Matt in 12} Qxe4 29. Qxe4 {Eine starke Angriffspartie von Novag
Diamond II} 1-0
[/pgn]
[pgn]

[Event "Turnier 40 / 120"]
[Site "Wien"]
[Date "2022.07.12"]
[Round "2"]
[White "Mephisto Berlin 68000 - 12 MHZ"]
[Black "Novag Diamond II H8 - 32 MHZ"]
[Result "0-1"]
[BlackElo "2135"]
[WhiteElo "2138"]

{Analyse -------------> Komodo 13.02.} 1. e4 e5 2. Nf3 Nc6 3. Bb5 a6 4.
Bxc6 dxc6 5. O-O Qd6 6. d4 exd4 7. Nxd4 Bd7 8. Be3 {Buchende} O-O-O 9. Nc3
{Buchbewertung Mephisto Berlin 68000: 0,00} Nh6 10. h3 {Buchzug / Buchende}
g5 {Buchende} 11. Bxg5 f6 {Buchbewertung Novag Diamond II: -0,69 / lt.
Komodo steht Weiss besser mit ca. +1,00 / besser war übrigens Tg8 mit ca.
+0,30 für Weiss} 12. Be3 Nf7 13. Qh5 Ne5 14. Rfb1 {klar schwächer als b3,
Komodo +0,60 für Weiss} Nc4 15. Nf5 Qe6 16. Bf4 Bb4 17. Qe2 Qf7 18. Nh6 Qe6
19. a3 Bd6 20. Bxd6 Nxd6 21. Qe3 Kb8 22. b3 Rhe8 23. Re1 Qe5 24. Ng4
{weniger gut, besser ist Tad1 mit leichtem Vorteil für Weiss, nach dem
Textzug ist Schwarz knapp im Vorteil mit ca. +0,30} Bxg4 25. hxg4 Rg8 26.
f3 h5 27. gxh5 Qxh5 {mehrere kleinere Ungenauigkeiten von Weiss ergeben
bereits klaren Vorteil für Schwarz, Komodo +1,30} 28. g4??? {ein
Verlustzug, danach ist die Partie bereits klar verloren, Komodo +3,00 mit
der Fortsetzung f5.} f5! {stark gespielt von Novag Diamond II} 29. exf5
Nxf5! {Novag Diamond II macht bisher alles richtig, Komodo +3,50,
allerdings ist er sich des Vorteiles nicht bewusst, Bewertung Diamond II:
-0,38} 30. Qf4 {Mephisto Berlin 68000: -0,78} Nd4 {Novag Diamond II: +0,80
/ Komodo +3,80} 31. Kg2 {deutlich mehr Widerstand leistet noch Kf2 mit ca.
-4,00, nach dem Textzzug ist Schwarz bereits mit +8,00 im Vorteil} Nxf3!
{richtig} 32. Re4 Ne5?? {das ist allerdings nicht die richtige Fortsetzung
nötig war Sh4+, nach dem Textzug ist Schwarz noch mit ca. +2,50 im Vorteil
(ist also um 5,50 Bauereinheiten schlechter als die optimale Fortsetzung).}
33. Rh1 Rxg4+ {deutlich schwächer als Dxg4, Komodo +1,80} 34. Qxg4 Rd2+ 35.
Ne2 Qxg4+ 36. Rxg4 Nxg4 37. Kf3 Rxc2 38. Nd4 Rh2 39. Rxh2 Nxh2+ 40. Kg3
Nf1+ 41. Kf2 Nd2 42. Ke3 c5 43. Nc6+ {deutlich mehr Widerstand leistet noch
Se6, Komodo -13,00} bxc6 44. Kxd2 Kc8 45. Kd3 Kd7 46. Kc4 Kd6 {Novag
Diamond sieht hier noch keinen grossen Vorteil: Bewertung +0,50} 47. a4
{Mephisto Berlin 68000: -0,84} a5 {Novag Diamond II: +1,61} 48. Kc3
{Mephisto Berlin 68000: -2,06} Kd5 49. Kd3 c4+ 50. bxc4+ Ke5 51. Ke3 c5 52.
Kd3 Kf4 53. Kc2 Ke4 54. Kc3 Ke3 55. Kc2 Kd4 56. Kb3 Kd3 57. Kb2 {Mephisto
Berlin 68000: -11,7 --------> aufgegeben !!} 0-1
[/pgn]
[pgn]

[Event "Turnier 40 / 120 "]
[Site "Wien"]
[Date "2022.07.13"]
[Round "3"]
[White "Novag Diamond II H8 - 32 MHZ"]
[Black "Mephisto Berlin 68000 - 12 MHZ"]
[Result "1-0"]
[BlackElo "2138"]
[WhiteElo "2135"]

{Analyse --------> Komodo 13.02.} 1. d4 Nf6 2. c4 g6 3. Nc3 Bg7 4. e4 d6 5.
f4 O-O 6. Nf3 c5 7. d5 e6 {Buchende} 8. dxe6 Bxe6 {Buchbewertung Mephisto
Berlin 68000: +0,18} 9. Bd3 Nc6 10. f5 Bd7 11. O-O {Buchende} Qb6 12. Bf4
{Buchbewertung Novag Diamond: +0,34 / lt. Komodo ist die Stellung exakt
gleich 0,00 (besser war Lg5 mit ca. +0,50 für Weiss)} Na5??? {ein ganz
schwacher Zug, danach ist die Partie praktisch schon verloren, Komodo +2,00
mit der Fortsetzung Dd2, nötig war Dxb2 mit Ausgleich} 13. Qd2! Rae8?
{alles andere als ideal, klar besser ist noch Lc6, Komodo -3,00} 14. b3!
{richtig} gxf5? {also Mephisto Berlin 68000 hat hier völlig den Überblick
verloren und macht einen Fehler nach dem anderen, deutlich besser ist noch
Lc8, Komodo -4,00 mit der Fortsetzung Lh6} 15. Bh6! {Novag Diamond II macht
hingegen alles richtig} Nxe4? {Mephisto Berlin 68000: -0,78 verkennt völlig
die Lage, es bleibt dabei, jeder einzelne Zug von Mephisto Berlin 68000 ist
ein Fehlgriff, auch hier ist noch f4 um ganze 3 Bauerneinheiten stärker,
Komodo -7,00} 16. Nxe4! {Novag Diamond II macht hier kurzen Prozess mit
seinem Gegner: Bewertung +3,76 !!!} d5 {Mephisto Berlin 68000 erkennt viel
zu spät das Problem, Bewertung -3,54} 17. Bxg7 fxe4 18. Qg5? {der erste
schwache Zug von Novag Diamond II, allerdings spielt es an dieser Stelle
keine Rolle mehr, deutlich besser war Lxf8 mit ca. +8,00 für Weiss, der
Textzug ist um ca. 2,5 Bauerneinheiten schlechter, ändert aber natürlich
nichts mehr am klaren Gewinn, Komodo +5,50} Qg6 19. Bxf8 Rxf8 20. Qxd5 Bc6
21. Bxe4 Qxe4 22. Qxc5 b6 23. Qg5+ Qg6 24. Rae1 {um 2,5 Bauerneinheiten
schwächer als Dd2, ändert aber natürlich nichts mehr am klaren Gewinn für
Weiss, Komodo +5,00} Bxf3 25. Qxg6+ fxg6 26. Rxf3 Rxf3 27. gxf3 {Rest
geschenkt --------> eine ganz schwache Partie von Mephisto Berlin 68000,
der im Wettkampf bisher völlig neben sich steht und jetzt bereits die 3.
Partie in Folge völlig chancenlos verliert, da war bisher noch nichts
knappes dabei, ein echter Fehlstart !!} 1-0
[/pgn]
[pgn]

[Event "Turnier 40 / 120"]
[Site "Wien"]
[Date "2022.07.13"]
[Round "4"]
[White "Mephisto Berlin 68000 - 12 MHZ"]
[Black "Novag Diamond II H8 - 32 MHZ"]
[Result "1-0"]
[BlackElo "2135"]
[WhiteElo "2138"]

{Analyse ----------> Komodo 13.02.} 1. e4 d5 2. exd5 Nf6 3. Bb5+ Bd7 4. Bc4
Bg4 5. f3 {Buchende} Bc8 6. Nc3 {Buchbewertung Mephisto Berlin 68000:
+0,48} Nbd7 7. d4 Nb6 8. Bb3 Nbxd5 {Buchende} 9. Nge2 Nxc3 {Buchbewertung
Novag Diamond II: -0,15 / lt. Komodo steht Weiss etwas besser mit ca.
+0,50} 10. Nxc3 e6 11. O-O Bd6 12. Bg5 h6 13. Bh4 g5? {ein schwacher Zug,
danach ist Weiss klar im Vorteil, Komodo +1,00, deutlich besser ist 0-0}
14. Bf2 Bd7 15. Re1 O-O {besser ist De7} 16. Ne4 Bb5? {neuerlich schwach,
deutlich besser ist b5, nach dem Textzug ist die Partie praktisch schon
verloren, Komodo -1,80} 17. Nxd6 Qxd6? {Novag Diamond II hat völlig den
Überblick verloren und macht einen schwachen Zug nach dem anderen, auch
hier ist cxd6 noch deutlich besser, Komodo -3,00} 18. Bg3 Qc6 19. c3
{besser ist f4, aber Weiss steht klar auf Gewinn, Komodo +2,50} Rfd8?
{gleich wieder um 1,5 Bauerneinheiten schlechter als Sh5, Komodo -4,00} 20.
f4 Bc4?? {praktisch jeder Zug ist ein Fehlgriff von Novag Diamond II,
Komodo -5,00 besser ist noch g4} 21. Bxc4 Qxc4 22. fxg5 hxg5??? {ein
Katastrophenzug, um ganze 5 Bauerneinheiten schlechter als Sh7, Komodo
-10,00 mit der Fortsetzung Tf1, aber es spielt natürlich keine Rolle mehr,
die Partie ist ohnehin nicht mehr zu retten für Schwarz} 23. Qf3??? {ein
grottenschlechter Zug, um ganze 7 Bauerneinheiten schlechter als Tf1,
trotzdem steht Weiss immer noch klar auf Gewinn, Komodo +2,70} Nd5??? {aber
Novag Diamond II ist mit dieser Stellung hoffnungslos überfordert und
spielt eigentlich ausschliesslich Verlustzüge, hier war Sh7 nötig, Komodo
-5,00} 24. Qh5 Kf8??? {man muss es eigentlich nicht mehr kommentieren, um
ganze 5 Bauerneinheit !! schlechter als Dd3, Komodo -9,00} 25. Qh6+???
{ganz schwach, allerdings sollte es keine grosse Rolle mehr spielen, Komodo
+5,00, nötig war Tf1} Ke7 26. Qxg5+?? {auch nicht gerade das Gelbe vom Ei,
um ganze 2 Bauerneinheiten schlechter als Txe6 !!! (aber gut das muss man
natürlich auch erst mal sehen), dennoch steht Weiss nach wie vor klar auf
Gewinn, Komodo +3,50} Kd7 27. Rf1 {etwas schwächer als Dg7, Komodo +3,00}
f6 28. Qg7+ Kc8 29. Qf7 e5 {deutlich mehr Widerstand leistet noch b6,
Komodo -5,00 (der Textzug ist um ganze 2 Bauerneinheiten schlechter als
b6)} 30. dxe5 fxe5 31. Bxe5? {um 2,5 Bauerneinheiten schlechter als De6+,
Komodo +2,80} Qc5+? {völlig daneben, natürlich wäre hier ein Schlupfloch
für den König mittels b6 oder b5 zu machen, Komodo -5,00} 32. Kh1?
{ebenfalls unverständlich um 2 Bauerneinheiten schlechter als Ld4, Komodo
+3,00} b6 {natürlich richtig, aber es sollte nichts mehr anbrennen für
Weiss, Komodo +3,50} 33. Rae1 {klar schwächer als b4, Komodo +2,50} Kb7 34.
Bd4 Qc6 35. Qf5 Qa4 36. Ra1 {schwächer als De4, Komodo +2,00} Rd6 37. Be5
Rdd8 38. Qf3 Rac8 39. Rac1 Kb8 40. a3 Rd7 41. c4 Ne7 42. c5 Qb5 43. a4 Qxa4
44. cxb6 axb6 45. Qe2 {Weiss steht klar auf Gewinn, Komodo +3,00} Nd5 46.
Ra1? {weit schwächer als Tf3, Komodo +2,00} Qc6 47. Qa6? {klar schwächer
als Lg3, also schön langsam muss Weiss jetzt aufpassen, das am Ende nicht
noch zu vergeigen, Komodo "nur" noch +1,50 für Weiss} Qb7 48. Qa3 Re7 49.
Qg3 {klar schwächer als Lg3, Komodo nur noch +1,20 für Weiss} Rce8 50. Rfe1
Qc6 51. Rec1 Qb7 52. Bd4 {deutlich besser ist Te1, Komodo nur noch +0,60
für Weiss} Re4 {besser ist Te2, Komodo +1,00 für Weiss} 53. Bf2 Nf4 54. Rc2
Qd5 55. Qf3 Qd3 56. Qxd3 Nxd3 57. Bg3 R8e7 58. Rd1 Nf4 59. h3 Ne6 60. Rd5
Rf7?? {ein ganz schlechter Zug, nötig war Sd4, Komodo +2,00 mit der
Fortsetzung Te5} 61. Re5 Rf1+ 62. Kh2 Rxe5 63. Bxe5 Kc8 64. g4 Kd7 {etwas
besser ist noch Te1, Komodo -3,00} 65. h4 Re1 66. Bf6 Nf4 67. Kg3 Nd5 68.
Bg5 Ke6 69. h5 Kf7 70. Bd2 Rg1+ 71. Kh3 Rd1 72. g5 Rh1+ 73. Kg4 Rh2 74. g6+
Kg8 75. Kg5 Ne3??? {deutlich mehr Widerstand leistet noch Tg2+, der Textzug
ist um ganze 7 Bauerneinheiten schlechter und verliert sofort, Komodo
-10,00} 76. Bxe3 Rxc2 77. h6 c5 78. Kf6 Rh2 79. h7+ Rxh7 80. gxh7+ Kxh7 81.
Bxc5 bxc5 82. Ke5 Kg6 {Novag Diamond II -7,61 ---------> Aufgegeben !} 1-0
[/pgn]
[pgn]

[Event "Turnier 40 / 120"]
[Site "Wien"]
[Date "2022.07.14"]
[Round "5"]
[White "Novag Diamond II H8 - 32 MHZ"]
[Black "Mephisto Berlin 68000 - 12 MHZ"]
[Result "0-1"]
[BlackElo "2138"]
[WhiteElo "2135"]

{Analyse ---------> Komodo 13.02.} 1. e4 c5 2. Nf3 d6 3. d4 cxd4 4. Nxd4
Nf6 5. Nc3 Nc6 6. Bg5 e6 7. Qd2 Be7 8. O-O-O O-O 9. Nb3 Qb6 10. f3 Rd8
{Buchende} 11. Be3 Qc7 {Buchbewertung Mephisto Berlin 68000: -0,48} 12. Qf2
{Buchende} d5 13. exd5 {Buchbewertung Novag Diamond II: -0,23 / lt. Komodo
ist die Stellung ausgeglichen} Nxd5 14. Nxd5 exd5 15. Kb1 Bf6 16. Nd4 Re8
17. Bd3 Bd7 18. c3 a5? {ein schwacher Zug, danach ist Weiss klar im
Vorteil, Komodo +1,00 mit der Fortsetzung Sb5, nötig war Se5 mit exaktem
Ausgleich} 19. Rhe1? {dieser Zug bringt allerdings keinerlei Vorteil für
Weiss, die Stellung ist wieder im Lot} Bxd4 20. Bxd4 Rxe1 21. Rxe1 Qxh2 22.
Qg1 Qf4 23. Be3 Qf6 24. Bc5? {hier hätte Lxh7+ zum Remis geführt, nach dem
Textzug ist Schwarz im Vorteil mit ca. +0,70} Bf5! {richtig} 25. Qe3 Ne5
{besser ist h6, Komodo +0,30 für Schwarz} 26. Bxf5 Qxf5+ 27. Ka1 f6 28. Bd6
{besser ist Ld4, Komodo +0,70 für Schwarz} Nc4 29. Qe7 Qc8 30. Bg3 {besser
ist Lf4, Komodo +1,00 für Schwarz} a4! {richtig} 31. Bc7 h5 32. Re2 {klar
schwächer als a3, Komodo +1,20 für Schwarz} Qf5 33. Bd8??? {ein absurder
Zug, der die Partie sofort verliert, Komodo +7,00 mit der Fortsetzung a3,
nötig war a3 seitens von Weiss mit ca. +1,00 für Schwarz} Kh7?? {um 4,50
Bauerneinheiten !! schlechter als a3, Schwarz steht dennoch auf Gewinn,
Komodo +2,50} 34. a3 b6?? {halbiert den Vorteil von Schwarz, Komodo +1,20
für Schwarz, nötig war Tc8} 35. Qe8??? {ein Verlustzug, danach ist die
Partie wieder klar verloren, Komodo -2,60, nötig war Lc7} h4 {etwas
schwächer als d4, Komodo +2,00} 36. Re1?? {der nächte Verlustzug, nötig war
De7, Komodo -3,50} Qg6 37. Qxg6+ Kxg6 38. Bc7 {diese Stellung ist bereits
hoffnungslos für Weiss, Komodo -4,00} Kf7 39. Bf4 g5 40. Bc1 Rh8 41. Rd1 h3
42. gxh3 Rxh3 43. Rxd5 Rxf3 {Rest geschenkt} 0-1
[/pgn]
[pgn]

[Event "Turnier 40 / 120"]
[Site "Wien"]
[Date "2022.07.14"]
[Round "6"]
[White "Mephisto Berlin 68000 - 12 MHZ"]
[Black "Novag Diamond II H8 - 32 MHZ"]
[Result "1-0"]
[BlackElo "2135"]
[WhiteElo "2138"]

{Analyse -----------> Komodo 13.02.} 1. e4 c5 2. Nf3 d6 3. d4 cxd4 4. Nxd4
Nf6 5. Nc3 a6 6. Be2 e5 7. Nb3 Be7 8. O-O {Buchende} Be6 {Buchende} 9. Bg5
{Buchbewertung Mephisto Berlin 68000: 0,00} Nbd7 {Buchbewertung Novag
Diamond II: +0,07 / lt. Komodo ist die Stellung exakt gleich 0,00} 10. Qd2
d5 11. exd5 Nxd5 12. Bxe7 Nxe7 13. Ne4 O-O 14. Rad1 Qb6 15. Ng5 Nf6 16.
Nxe6 Qxe6 17. c3 Nc6 {besser ist Sf5, nach dem Textzug ist Weiss etwas im
Vorteil, Komodo +0,70 mit der Fortsetzung Sc5} 18. Nc5 Qxa2 19. Ra1 Qd5 20.
Qe3 Rfe8 21. Nxb7 Nb4 22. Ra4 Nc2 23. Qc1 Nd4 24. cxd4 Qxb7 25. dxe5 Rxe5
26. Bf3 Nd5??? {ein Verlustzug, der besonders enttäuschend ist aufgrund des
Faktes, dass exakt die gleiche Partie im vorigen Wettkampf Novag Diamond :
Mephisto Berlin stattfand und der grosse Bruder Diamond II macht es um
nichts besser und spielt den gleichen Zug, der die Partie sofort verliert,
Komodo -3,50, nötig war natürlich Se4 mit nur geringem Vorteil für Weiss
(der Fairness halber sei noch dazu gesagt, auch Mephisto Berlin 68000 hatte
diesen Megabock erwartet)} 27. Qd2 h6 28. Rd4 {und die Figur ist verloren,
Rest geschenkt} 1-0
[/pgn]
[pgn]

[Event "Turnier 40 / 120"]
[Site "Wien"]
[Date "2022.07.15"]
[Round "7"]
[White "Novag Diamond II H8 - 32 MHZ"]
[Black "Mephisto Berlin 68000 - 12 MHZ"]
[Result "1/2-1/2"]
[BlackElo "2138"]
[WhiteElo "2135"]

{Analyse ----------> Komodo 13.02.} 1. e4 d6 2. d4 Nf6 3. Nc3 g6 4. f4 Bg7
5. Nf3 O-O 6. Bd3 Nc6 7. O-O e5 8. fxe5 dxe5 9. d5 Nd4 10. Nxe5 Nxe4 11.
Bxe4 Bxe5 {Buchende} 12. Bf4 {Buchende} Qd6 {Buchbewertung Mephisto Berlin
68000: -0,21} 13. Bxe5 {Buchbewertung Novag Diamond II: +0,53 / lt. Komodo
steht Weiss etwas besser mit ca. +0,50 entspricht also der Bewertung von
Novag Diamond II} Qxe5 14. Qd2 Nf5 15. Rae1 Qd6 16. Bd3 Qb6+ 17. Kh1 Qxb2??
{ein ganz schlechter Zug, danach ist Weiss bereits klar im Vorteil, nötig
war Sd6 mit Ausgleich, nach dem Textzug ist Weiss bereits entscheidend mit
+2,00 im Vorteil} 18. Rb1 Qa3 19. Bxf5?? {so allerdings nicht, damit
verschenkt Weiss auf einen Schlag den gesamten Vorteil, Komodo 0,00, nötig
war Se4 !} Bxf5 20. Rxb7 Rfc8 21. h3 Rab8 22. Rb3 Rxb3 23. axb3 Qb2 24. Rf2
Re8 25. Kh2 Qa3 26. Re2? {ein schwacher Zug, danach ist Schwarz etwas im
Vorteil, Komodo +0,80 mit der Fortsetzung Txe2, deutlich besser ist Sb5 mit
leichtem Vorteil für Weiss} Rxe2 27. Qxe2 Qd6+ 28. g3 {besser ist Kh1,
Komodo -1,00} Qc5 29. Qd2 h5 30. h4 Kg7 31. Kh1 f6 32. Kh2 Kf8 33. Kh1 Kf7
34. Kh2 a5 35. Kg2 Kg7 36. Kh2 Kf8 37. Kg2 Kf7 38. Kh2 Kg7 39. Kg2 Kg8 40.
Kh2 Kh7 41. Kg2 Qb4 42. Kf2 Kg7 43. Kg2 Kf7 44. Kf2 Ke7 45. Kf1 Qc5 46. Kg2
Ke8 47. Kf3 Qg1 48. Kf4 Qh1 49. Qe3+ Kf7 50. Ne4 Qg2 {besser ist Df1+ mit
leichtem Vorteil für Weiss, nach dem Textzug führt Sxf6 zum Remis, Komodo
0,00} 51. Nxf6 {Novag Diamond II erkennt das Remis, Bewertung 0,00} Kxf6
52. Qe5+ Kf7 53. Qxc7+ Kg8 54. Qd8+ Kg7 55. Qe7+ Kg8 56. Qd8+ Kh7 57. Qe7+
Kh8 58. Qf8+ Kh7 59. Qf7+ Kh6 60. Qf8+ Kh7 61. Qe7+ Kh6 62. Qf8+ Kh7
{Stellungswiederholung} 1/2-1/2
[/pgn]
[pgn]

[Event "Turnier 40 / 120"]
[Site "Wien"]
[Date "2022.07.16"]
[Round "8"]
[White "Mephisto Berlin 68000 - 12 MHZ"]
[Black "Novag Diamond II H8 - 32 MHZ"]
[Result "1/2-1/2"]
[BlackElo "2135"]
[WhiteElo "2138"]

{Analyse ----------> Komodo 13.02.} 1. d4 Nf6 2. c4 e6 3. Nc3 Bb4 4. e3 O-O
5. Bd3 d5 6. Nf3 c5 7. O-O dxc4 8. Bxc4 Nbd7 9. a3 cxd4 10. exd4 Bxc3 11.
bxc3 Qc7 12. Qe2 Nb6 {Buchende} 13. Bd3 Qxc3 {Buchbewertung Novag Diamond
II: +0,19} 14. Bg5 Nbd5 15. Rac1 {Buchende} Qxa3 {Weiss gibt innerhalb des
Buches 2 Bauern, hat trotzdem einige Kompensation dafür, lt. Komodo steht
Weiss nur knapp besser mit ca. +0,60} 16. Ra1 {Buchbewertung Mephisto
Berlin 68000: -1,33, klar besser war allerdings Se5, nach dem Textzug steht
Schwarz bereits klar besser, Komodo +1,20} Qe7 17. Rfc1 h6 18. Bxf6 Qxf6
19. Qe4 g6 20. Bc4 Rd8 21. Bxd5 Rxd5 22. Rc7 Qd8?? {ein schwacher Zug,
danach steht Schwarz nur noch knapp besser Komodo +0,40, deutlich besser
war Ld7 mit ca. +1,20 für Schwarz} 23. Rac1 Bd7 {lt. Komodo noch das Beste}
24. Rxb7 Rc8 25. Rxc8 Qxc8 26. Qb1 Qc3 27. Rxa7 Rb5 28. Qf1 Qc2 29. Ra1 Rb2
30. Qe1 Bb5 31. Rc1 {die Stellung ist im Lot} Qe2 32. h3 Qxe1+ 33. Nxe1 Kf8
34. f4 Re2 35. g3 Ke7 36. Nf3 f6 37. h4 Kd6 38. Rb1?? {ein schwacher Zug,
danach ist Schwarz klar im Vorteil, Komodo +1,10 mit der Fortsetzung Lc6,
deutlich besser ist h5 mit geringem Vorteil für Schwarz} Bc6 39. Rb3 h5 40.
Kf1 Bxf3 41. Rxf3 Rd2 42. Ra3 Kd5 43. Ke1 Rxd4 44. Ra6 Rd3 45. Kf2 Rc3 46.
Rb6 Rc6 47. Rb4 Rc2+ 48. Ke3 Rc3+ 49. Kf2 e5 50. Rb5+ Ke6 51. Rb4 Kf5 52.
Rb5??? {ein Verlustzug, danach ist die Partie sofort verloren, Komodo +4,50
mit der Fortsetzung Kg4, nötig war fxe5 mit ca. +1,00 für Schwarz} Ra3???
{Novag Diamond II verpasst den sofortigen Gewinn, Komodo +1,00 für Schwarz
mit der Fortsetzng fxe5} 53. Rc5? {doch es folgt der Fehler nach dem
gleichen Prinzip, danach ist die Stellung sofort wieder verloren, wieder
gewinnt Kg4 Komodo +5,00} Rd3? {beide Geräte haben keine Ahnung von dieser
Stellung auch Mephisto Berlin 68000 erwartete Td3, danach ist Schwarz
wieder nur mit +1,00 im Vorteil mit der Fortsetzung fxe5} 54. Ra5? {ja man
braucht es gar nicht mehr zu schreiben, damit ist es natürlich wieder
verloren, wieder gewinnt Kg4 mit +5,00} Rb3? {gleicher Kommentar wie immer}
55. Rc5? {Kommentar überflüssig, es ist wieder der gleiche Komodo -6,00}
Ke4?? {doch Novag Diamond II kann einfach den Sack nicht zu machen,
natürlich das falsche Feld, der König muss nach g4 und alles ist
entschieden, nach dem Textzug ist Schwarz mit ca. +1,50 im Vorteil lt.
Komodo, lt. Stockfish 15 ist die Stellung damit bereits im Lot.} 56.
Rc4+??? {dieses Endspiel überfordert bei weitem beider Geräte, hier der
nächste absolut Verlustzug, Komodo -7,00 mit der Fortsetzung Kd3} Kd5?
{doch auch davon hat Novag Diamond II keine Ahnung, nach dem Textzug ist
praktisch der gesamte Vorteil dahin, Komodo sieht noch einen Vorteil von
+1,00 für Schwarz, lt. Stockfish 15 ist es bereits wieder im Lot.} 57. Ra4
Ke6 58. fxe5 {ausnamsweise muss man fast sagen, der richtige Zug} fxe5 59.
g4 Rd3 60. Rb4 Rd4 61. Rb6+ Rd6 62. Rb4? {ein absoluter Verlustzug danach
ist die Partie sofort verloren, Komodo bewertet das zwar nur mit +1,30 für
für Schwarz, lt. Stockfish 15 ist es bereits +6,00 !!!, nötig war Tb8 und
es ist Remis} hxg4 63. Rxg4 Kf5 64. Rg1 Kf4 65. Ke2 e4??? {ja was soll man
da noch sagen, es war ja bei dieser "Qualität" nicht anders zu erwarten,
neuerlich verschenkt Schwarz den Sieg, nach dem Textzug ist es wieder Remis
sofort gewonnen hätte fast jeder andere Zug z.B. Ta6, Tb6, Te6 fast egal,
der Textzug ist praktisch der einzige Zug der nicht gewinnt, einfach
UNFASSBAR !!!!} 66. Rf1+ Ke5 67. Rg1 Rc6 68. Ke3 Rc3+ 69. Ke2 Rh3 70. Rxg6
Rxh4 71. Rg8 {Was Novag Diamond II hier für Gewinnchancen auslässt ist
einfach UNFASSBAR SCHWACH !!!!, es war sogar mit dem Zug 65. e4 ??? ein Zug
dabei der gespielt wurde, das war an dieser Stelle der einzige Zug der
nicht gewinnt !!!! Also diese Partie nicht zu gewinnen, ist schon das
ALLERLETZTE !!!!} 1/2-1/2
[/pgn]
[pgn]